| 000 | 01121cam a2200325 a 4500 | ||
|---|---|---|---|
| 999 |
_c9430 _d9430 |
||
| 001 | 17531741 | ||
| 003 | GZU | ||
| 005 | 20210615112210.0 | ||
| 008 | 121116s2012 sa b 001 0 eng | ||
| 010 | _a 2012435519 | ||
| 020 | _a9780702194740 | ||
| 020 | _a0702194743 | ||
| 035 | _a(OCoLC)ocn794909917 | ||
| 040 |
_aZ@L _beng _cZ@L _dOI@ _dYLS _dDLC |
||
| 042 | _apcc | ||
| 043 | _af-sa--- | ||
| 050 | 0 | 0 |
_aKTL854 _b.D8 2012 |
| 100 | 1 | _aDu Plessis, J. E. | |
| 245 | 1 | 4 |
_aThe South African law of unjustified enrichment / _cJacques du Plessis. |
| 246 | 3 | 0 | _aLaw of unjustified enrichment |
| 246 | 3 | 0 | _aUnjustified enrichment |
| 260 |
_aClaremont, [South Africa] : _bJuta, _c2012. |
||
| 300 |
_axliv, 436 p. ; _c25 cm. |
||
| 504 | _aIncludes bibliographical references and index. | ||
| 650 | 0 |
_aUnjust enrichment _zSouth Africa. |
|
| 856 | 4 | 1 |
_3Table of contents only _uhttp://www.loc.gov/catdir/toc/fy14pdf01/2012435519.html |
| 906 |
_a7 _bcbc _cpccadap _d2 _encip _f20 _gy-gencatlg |
||
| 942 |
_2lcc _cBK _h854 _iDUP _kKTL _m2012 |
||